000
00287pab a2200109 454500
008
180718b xxu||||| |||| 00| 0 eng d
100
_a
Srinivasan, P
245
_a
Global trends and Indian industry
520
_a
21(10), Oct.91, p.454-74
773
_a
Bulletin Madras Development
909
_a
2071
999
_c
2071
_d
2071